=LDR 00000nam 2200000 4500 =001 INLIS000000000047055 =005 20150707155750.0 =006 =007 =008 =020 ##$$a 979-8767-22-5 =035 ##$$0010-071500000000025 =082 ##$$a 345 =090 ##$$a 345 Suh h =100 ##$$a Suharto RM =245 ##$$a Hukum pidana Materiil $b Unsur-unsur obyektif sebagai dasar dakwaan =260 ##$$a Jakarta $b Ganesa =850 ##$$aNBPNMAT =990 ##$$a 2090101001/BPAP-NTB/2015